000 00817nam a22001695i 4500
001 167089
003 ES-MaACL
005 20230906213447.0
008 990928s1876 sp |||| | spa d
040 _aCCPB | B
_bspa
_cCCPB | B
100 1 _aVega, Ricardo de la.
_9113583
245 1 4 _aUna jaula de locos
_b: revista político-periodística, en un acto, en prosa y verso /
_coriginal de Ricardo de la Vega ; música del Maestro Caballero.
260 _aMadrid :
_bAdministración lírico-dramática,
_c1876 (
_fImprenta de José M. Ducazcal)
300 _a31 p. ;
_c20 cm.
700 0 _aFernández Caballero, Manuel.
_949531
852 _aES-MaACL
_jF-8607(9)
_z-- Enc. pasta española
_z--Enc. en un vol. facticio formando parte de la col. facticia "Teatro español moderno", vol. 62
_q.- Falto de la cub. original
999 _c167089
_d167089